| 000 | 00977nam0a22002531 4500 | ||
|---|---|---|---|
| 001 | rc\1028194 | ||
| 005 | 20250622083411.0 | ||
| 035 | _a(NLR Aleph) 006192180 | ||
| 090 |
_a6177992 _c6177992 |
||
| 100 | _a20041129d1981 |||y0rusy50 ca | ||
| 101 | 0 | _arus | |
| 102 | _aRU | ||
| 105 | _aa ||||||||| | ||
| 200 | 1 |
_aСтатистический анализ выхода альфа-частиц из реакции (n, альфа) на резонансных нейтронах _fЮ. Анджеевски, Ф. Бечварж, Во Ким Тхань и др. |
|
| 210 |
_aДубна _cОИЯИ _d1981 |
||
| 215 |
_a9 с. _cграф. _d21 |
||
| 225 | 1 |
_aСообщения Объединенного института ядерных исследований _vР3-81-144 |
|
| 320 | _aБиблиогр.: с. 9 (10 назв.) | ||
| 701 | 1 |
_aАнджеевски _bЮ. |
|
| 801 | 0 |
_aRU _bNLR _gpsbo |
|
| 801 | 1 |
_aRU _bELAR _2rusmarc |
|
| 852 |
_aNLR _j81-6/6141 |
||
| 942 | _cBOOK | ||
| 980 | _aNB | ||